000 01191nam a2200325 i 4500
001 000027388
003 DO-SdBNP
005 20241030141145.0
007 ta
008 110331s1986 dr 000 0 spa d
040 _aDO-SdBNP
_bspa
_cBNPHU
_erda
041 _aspa
082 4 _a863.6
_bC245m 1986
_222
100 1 _aCapó Bonnafous, Eduardo
_d1906-1976
_954470
_4aut.
_eautor
245 1 0 _aMedina del mar Caribe :
_bseminovela /
_cEduardo Capó Bonnafous ; prólogo, Maria Ugarte
250 _a2da. edición
264 _aSanto Domingo :
_bSociedad Dominicana de Bibliófilos,
_c1986.
300 _a231 páginas ;
_c21 cm.
336 _atexto
_btxt
_2rdacontent
337 _asin mediación
_bn
_2rdamedia
338 _avolumen
_bnc
_2rdacarrier
490 1 _aSociedad Dominicana de Bibliófilos :
_aCultura dominicana ;
_v59
590 _aInventariado, 2019/VM
650 4 _aNovela histórica española
_2LEMB
_9860
650 4 _aLiteratura española
_2LEMB
_9632
700 1 _aUgarte, María
_d1914-2011
_eprologuista
_4pr.
_924078
830 0 _aSociedad Dominicana de Bibliófilos
_pCultura Dominicana
_926134
_n59
910 _aValidado. Control de calidad MFF
942 _2ddc
_cLBS1
999 _c26880
_d26880